Mapping coastal aquaculture and fisheries structures by satellite imaging radar : case study of the Lingayen Gulf, the Philippines /

Inventory and monitoring of coastal aquaculture and fisheries structures provide important baseline data for decision-making in planning and development, including regulatory laws, environmental protection and revenue collection. Mapping these structures can be performed with good accuracy and at re...

Full description

Bibliographic Details
Corporate Author: Food and Agriculture Organization of the United Nations
Other Authors: Travaglia, Carlo, Profeti, Giuliana, Aguilar-Manjarrez, José, Lopez, Nelson A.
Format: Book
Language:English
Published: Rome : Food and Agriculture Organization of the United Nations, 2004.
Series:FAO fisheries technical paper ; 459.
Subjects:

MARC

Tag First Indicator Second Indicator Subfields
LEADER 00000cam a2200000Ia 4500
001 in00001992421
005 20151031111405.0
008 040802s2004 it ab b i000 0 eng d
020 |a 9251051143 
035 |a (OCoLC)ocm56072242 
040 |a FQG  |c FQG  |d TXA  |d UtOrBLW 
043 |a a-ph--- 
049 |a TXAM 
090 |a SH1  |b .F2 no.459 
245 0 0 |a Mapping coastal aquaculture and fisheries structures by satellite imaging radar :  |b case study of the Lingayen Gulf, the Philippines /  |c by Carlo Travaglia, Giuliana Profeti, José Aguilar-Manjarrez, and Nelson A. Lopez. 
264 1 |a Rome :  |b Food and Agriculture Organization of the United Nations,  |c 2004. 
300 |a ix, 43 pages :  |b color illustrations, color maps (1 folded) ;  |c 30 cm. 
336 |a text  |b txt  |2 rdacontent 
337 |a unmediated  |b n  |2 rdamedia 
338 |a volume  |b nc  |2 rdacarrier 
490 1 |a FAO fisheries technical paper ;  |v 459 
500 |a "TC/M/Y5319E/1/03.04/2750"--P [4] of cover. 
504 |a Includes bibliographical references. 
520 |a Inventory and monitoring of coastal aquaculture and fisheries structures provide important baseline data for decision-making in planning and development, including regulatory laws, environmental protection and revenue collection. Mapping these structures can be performed with good accuracy and at regular intervals by satellite remote sensing, which allows observation of vast areas, often of difficult accessibility, at a fraction of cost of traditional surveys. This study is based on interpretation of satellite imaging radar data and a detailed image analysis procedure is described. The report aims at the necessary technology transfer for and operational use of the approach indicated in other similar environments. 
650 0 |a Fish populations  |x Monitoring  |x Remote sensing. 
650 0 |a Fisheries  |z Philippines  |z Lingayen Gulf  |x Remote sensing. 
650 0 |a Fish stock assessment  |x Remote sensing. 
650 0 |a Artificial satellites in remote sensing. 
650 0 |a Fish traps  |x Remote sensing. 
650 0 |a Fishes  |x Detection  |x Instruments. 
700 1 |a Travaglia, Carlo. 
700 1 |a Profeti, Giuliana. 
700 1 |a Aguilar-Manjarrez, José. 
700 1 |a Lopez, Nelson A. 
710 2 |a Food and Agriculture Organization of the United Nations. 
830 0 |a FAO fisheries technical paper ;  |v 459. 
994 |a C0  |b TXA 
948 |a cataloged  |b h  |c 2004/9/7  |d c  |e blrosas  |f 2:17:46 pm 
999 |a MARS 
999 f f |s 6fac02e2-2fa8-3501-9293-825afbbc2d12  |i 103d0941-1803-34b0-8857-0d1ede392a1d  |t 0 
952 f f |p ric  |a Texas A&M University  |b Rellis Campus  |c Joint Library Facility  |d Remote Storage  |t 0  |e SH1 .F2 no.459  |h Library of Congress classification  |i unmediated -- volume  |m A14831324866 
998 f f |a SH1 .F2 no.459  |t 0  |l Remote Storage